Statistiques concernant Tous les joueurs du VAFC depuis 2010

Cliquez ici pour prendre le quiz!

Statistiques générales

  • Ce quiz a été pris 56 fois
    (4 depuis la dernière actualisation)
  • Le résultat moyen est 44 sur 196

Statistiques - réponses

NationalitéSaison(s)PosteRéponse% Correct
France2023-AttaquantAnthony Knockaert
75%
Côte d’ivoire2018-2023GardienHillel Konaté
75%
France2017-Milieu défensifJulien Masson
75%
France2012-2015AttaquantAnthony Le Tallec
50%
Belgique2020-2022AttaquantBaptiste Guillaume
50%
France2007-2014Défenseur droitDavid Ducourtioux
50%
Algérie2009-2013Milieu offensifFoued Kadir
50%
France2008-2013Milieu gaucheGaël Danic
50%
France2022-2023GardienGauthier Larsonneur
50%
Sénégal2024-DéfenseurIbrahima Ba
50%
France2011-2015Défenseur droitKenny Lala
50%
France/Guadeloupe2017-2018AttaquantLenny Nangis
50%
France/Maurice2013-2014Défenseur centralLindsay Rose
50%
France2015-2019Défenseur centralLoïc Nestor
50%
France2012-2018Défenseur droitLoris Néry
50%
France2021-2022GardienLucas Chevalier
50%
France2022-Milieu centralMadou Traoré
50%
Mali2010-2012AttaquantMamadou Samassa
50%
France2010-2014Milieu droitMathieu Dossevi
50%
France2001-2013Défenseur droitMody Traoré
50%
France2006-2014GardienNicolas Penneteau
50%
Sénégal2009-2013Milieu défensifRémi Gomis
50%
France2009-2012Milieu centralRenaud Cohade
50%
Mali2024-AttaquantSiriné Doucouré
50%
France2019-2021AttaquantTeddy Chevalier
50%
Mali2013-2014Milieu centralTongo Doumbia
50%
Cameroun2010-2013AttaquantVincent Aboubakar
50%
Burkina Faso2014-2017Milieu centralAbdoul Aziz Kaboré
25%
Ghana2013-2014AttaquantAbdul Majeed Waris
25%
Burkina Faso2021-2022Milieu droitAbou Ouattara
25%
France2014-2015Défenseur centralAdama Coulibaly
25%
Maroc2015-2018Milieu gaucheAdil Azbague
25%
France2018-Défenseur droitAllan Linguet
25%
Mauritanie2020-2022Défenseur gaucheAly Abeid
25%
Haïti2015-2017AttaquantAndy Faustin
25%
France2015-2017Milieu central / Défenseur droitAngelo Fulgini
25%
France2018-2019Défenseur gaucheAnthony Goelzer
25%
Cameroun2020-2022Milieu gaucheArsène Elogo
25%
Congo2013-2014Défenseur gaucheArthur Masuaku
25%
Algérie2019-Milieu offensifAymen Boutoutaou
25%
France2014-2015GardienBertrand Laquait
25%
Portugal2023-MilieuBruno Costa
25%
Algérie2013-2014Défenseur centralCarl Medjani
25%
Colombie2007-2012Milieu défensifCarlos Sanchez
25%
France2016-2018GardienCyril Merville
25%
France2015-2020GardienDamien Perquis
25%
Danemark2023-MilieuDavid Kruse
25%
Suède2012-2014Milieu offensifDusan Djuric
25%
France2015-2017AttaquantEdouard Butin
25%
Sénégal2016-2021Défenseur centralElhadj Dabo
25%
Centrafrique2013-2018Milieu CentralEloge Enza Yamissi
25%
Ghana2015-2022Défenseur centralEmmanuel Ntim
25%
France2020-2022Défenseur centralÉric Vandenabeele
25%
France2014-2015Milieu central / offensifFabrice Abriel
25%
Brésil2024-MilieuFlamarion
25%
France2021-2023Milieu centralFlorian Martin
25%
Togo2021-2023Milieu droitFloyd Ayité
25%
France2011-2014AttaquantFrancis Massampu
25%
Cameroun2019-2021Défenseur centralFrédéric Bong
25%
France2024-DéfenseurGabin Blancquart
25%
France2018-2022Milieu centralGaëtan Arib
25%
Cameroun2009-2013Défenseur gaucheGaëtan Bong
25%
France2017-2019
2021-2022
Milieu gauche/attaquantGaëtan Robail
25%
Uruguay2013-2014Défenseur centralGary Kagelmacher
25%
Bresil2011-2013Défenseur centralGil
25%
France2007-2014AttaquantGregory Pujol
25%
France2009-2011GardienGrégory Wimbée
25%
France2021-Milieu droit/attaquantIlyes Hamache
25%
Belgique2015-2016AttaquantIsaac Mbenza
25%
Algérie2015-2017Milieu droitIsmaïl Haddou
25%
Géorgie2020-2021Milieu défensifJaba Kankava
25%
France2022-2023Milieu offensifJason Berthomier
25%
France2013-2014AttaquantJean Christophe Bahebeck
25%
France2023-GardienJean Louchet
25%
France2008-2013GardienJean Louis Leca
25%
Cameroun2014-2016Défenseur centralJérôme Guihoata
25%
France2019-2021GardienJérôme Prior
25%
France2023-DéfenseurJoachim Kayi Sanda
25%
France2018-Défenseur droit/ défenseur centralJoffrey Cuffaut
25%
France2022-Défenseur centralJordan Poha
25%
France2017-2018AttaquantJordan Tell
25%
France2017-2019AttaquantJoris Romil
25%
France2004-2014Milieu défensifJosé Saez
25%
Sénégal2014-2018AttaquantLamine N’Dao
25%
Côte d’ivoire2022-2023Milieu gaucheLandry Nomel
25%
France2022-GardienLassana Diabaté
25%
France2017-2022Défenseur droit/milieu centralLaurent Dos Santos
25%
Afrique du Sud2017-2018AttaquantLebo Mothiba
25%
France2019-2020Défenseur central / défenseur gaucheLilian Brassier
25%
Côte d’Ivoire2017-2018Milieu droitLossémy Karaboué
25%
Pays Bas2023-Défenseur gaucheLucas Woudenberg
25%
France2014-2015Milieu offensifLyes Houri
25%
Bresil2013-2015GardienMagno Novaes
25%
France2023-MilieuManga Foe-Ondoa
25%
Israël2013-2014Milieu offensifMaor Melikson
25%
France2011-2015Milieu centralMarco Da Silva
25%
Nigéria2024-AttaquantMathias Oyewusi
25%
France2021-2023Défenseur droitMathieu Debuchy
25%
France2019-2023Milieu centralMathis Picouleau
25%
Suisse2019-2021Milieu centralMatteo Fedele
25%
Algérie2019-2022Défenseur centralMaxime Spano
25%
Turquie2020-2021AttaquantMetehan Guclu
25%
Serbie2008-2011Défenseur centralMilan Bisevac
25%
France2021-2023Milieu centralMohamed Kaba
25%
France2014-2017Défenseur centralMoussa Niakhaté
25%
Corée du Sud2009-2012Milieu offensifNam Tae-hee
25%
France2022-Défenseur gaucheNassim Innocenti
25%
France2019-2020AttaquantNathael Julan
25%
Pays Bas2023-AttaquantNick Venema
25%
France2010-2013Défenseur centralNicolas Isimat Mirin
25%
France2017-GardienNicolas Kocik
25%
France2010-2012Défenseur centralNicolas Pallois
25%
France2019-2023Milieu défensif / centralNoah Diliberto
25%
Cap vert2015-2017AttaquantNuno Da Costa
25%
Sénégal2012-2016AttaquantOpa Nguette
25%
Sénégal2012-2015Milieu défensifPape Abdou Camara
25%
France2013-2016GardienPaul Charruau
25%
France2015-2016AttaquantPierre Slidja
25%
France2021-2023Défenseur gaucheQuentin Lecoeuche
25%
Bresil2008-2011Défenseur centralRafael
25%
France2002-2014Défenseur droitRudy Mater
25%
Pays Bas2014-2015AttaquantRydell Poepon
25%
Burkina Faso2023-Milieu défensifSacha Bansé
25%
France2022-2023AttaquantSalim Ben Seghir
25%
Sénégal2013-2017 ,
2018-2019
Défenseur gaucheSaliou Ciss
25%
Benin2021-2022GardienSaturnin Allagbé
25%
France2006-2008
2015-2019
Milieu offensifSébastien Roudet
25%
France2014-2016Milieu défensifSekou Baradji
25%
Benin2019-2022Milieu centralSessi D’almeida
25%
Mali2014-2018Milieu gaucheSigamary Diarra
25%
France2016-2018Défenseur centralSikou Niakaté
25%
France/Guyane2018-2019AttaquantSloan Privat
25%
France2022-Milieu centralSofiane Boudraa
25%
Sénégal2023-Défenseur gaucheSouleymane Basse
25%
France2016-2020AttaquantSteve Ambri
25%
France2023-Défenseur droitTanguy Lienard
25%
Angleterre2023-Défenseur centralTaylor Moore
25%
Bresil2017-2019Milieu défensifThiago Xavier
25%
France2017-2019Milieu droitTony Mauricio
25%
Maroc2022-Milieu gauche / droitYacine El Amri
25%
France2012-2013Milieu centralYounousse Sankharé
25%
Maroc2014-2016Défenseur centralYunis Abdelhamid
25%
France2013-2015Défenseur centralYves-Marie Kerjean
25%
Autriche2022-2023AttaquantAdrian Grbic
0%
France2015-2017Milieu centralAdrien Taméze
0%
France2021-2023AttaquantAeron Zinga
0%
Maroc2016-2019Défenseur centralAhmed Kantari
0%
France2022-2023Défenseur droitAlois Penin
0%
France2023-AttaquantAndrew Jung
0%
France2011-2012GardienArnaud Brocard
0%
Roumanie2013-2014Milieu gaucheAurelian Chitu
0%
France2015-2017Défenseur centralBaptiste Aloé
0%
Côte d’ivoire2010-2014Défenseur centralBenjamin Angoua
0%
Cameroun2020-2021AttaquantBenjamin Moukanjo
0%
France2022-Défenseur GaucheBrandi Mpata Lama
0%
Côte d’Ivoire2021-2022AttaquantCheick Timité
0%
France2017-2020Défenseur gaucheChérif Quenum
0%
Congo2010-2012Défenseur centralChristopher Mfuyi
0%
Guinée2009-2011Défenseur centralDianbobo Baldé
0%
France2018-2019Milieu centralEden Massouema
0%
France2018-2019AttaquantFlorent Raspentino
0%
France2019-2020Milieu gaucheGauthier Hein
0%
RDC2023-AttaquantGlody Makabi Lilepo
0%
France2022-DéfenseurGuilain Zrankeon
0%
France2010-2012Milieu centralGuillaume Loriot
0%
Bosnie2024-DéfenseurHalid Šabanović
0%
Senegal2023-AttaquantIbrahima Diallo
0%
France2020-2022Défenseur centralIsmaël Doukouré
0%
France2023-MilieuIsmail Bouneb
0%
Côte d’ivoire2021-2022AttaquantIssouf Macalou
0%
France2021-Milieu offensifJawed Kalai
0%
Cameroun2024-MilieuJean-Eric Moursou
0%
France2014-2015AttaquantJean Luc Dompé
0%
France2017-2019Milieu centralJohann Ramaré
0%
Belgique2022-Défenseur centralJonathan Buatu
0%
France2017-2018Défenseur gaucheJordan Pierre Charles
0%
France2018-2021Milieu droitKevin Cabral
0%
France2014-2015Milieu centralLucas Tousart
0%
France2018-2020Milieu defensifMahamé Siby
0%
France2019-2021Milieu gaucheMalek Chergui
0%
Cameroun2022-AttaquantMarius Noubissi
0%
France2024-DéfenseurMarvyn Vialaneix
0%
France2022-2023Défenseur centralMattéo Rabuel
0%
Algerie2017-2018Défenseur centralMehdi Tahrat
0%
France2017-2019AttaquantMehdy Guezoui
0%
Côte d’ivoire2020-2022AttaquantMoussa Guel
0%
Mali2021-2022Milieu centralSambou Yatabaré
0%
France2010-2011Milieu offensifSteeven Langil
0%
France2022-2023GardienStefan Bajic
0%
France2020-2021Défenseur gaucheTheo Pellenard
0%
France2018-2019GardienThomas Vincensini
0%
France2023-MilieuTydiane Diagourata
0%
France2021-AttaquantUgo Bonnet
0%
France2021-AttaquantYassine Houari
0%

Distribution des résultats

Percentile par nombre de réponses

% des personnes avec chaque résultat

Votre développement - résultats

Vous n’avez pas pris ce quiz depuis la dernière actualisation